Coraline Character Quiz - Statistics

General Stats
  • This quiz has been taken 911 times
  • The average score is 8 of 10
Answer Stats
Hint Answer % Correct
Blue Hair, Swampers and a Raincoat Coraline Jones
98%
"EVIL WITCH!" The Other Mother
93%
"I Have a Serious Case of Writer's Rash, On My..." Coraline's Father
91%
"Rain Makes Mud, Mud Makes a Mess." Coraline's Mother
89%
Orange Monkey Slippers and Plays the Piano The Other Father
89%
Helps the Main Character Understand the "Other" World Cat
86%
Hunts Banana Slugs Wybie Lovat
86%
Loves Beets Mr. Bobinsky
66%
She Sees a Very Peculiar Hand Miss Spink
64%
She Sees a Giraffe Miss Forcible
63%
No matching quizzes found
Score Distribution
Percent of People with Each Score
Percentile by Number Answered
Your Score History
You have not taken this quiz